| 000 | 00876cam a2200253 4500 | ||
|---|---|---|---|
| 001 | ABS68241 | ||
| 008 | 040928n2004 000 0 eng u | ||
| 035 | _a(Sirsi) u127534 | ||
| 100 | _aKirby, V. | ||
| 245 | _aLandscape - a big idea with a big future | ||
| 260 | _c2004 | ||
| 490 |
_aTown and Country Planning _v73(9) September 2004, 260-263(4) |
||
| 520 | _aArgues for the involvement of landscape in sustainable spatial planning and also for the use of landscape characterisation as a key tool in the visioning, planning and sustainable development of communities and landscapes. | ||
| 590 | _aABS | ||
| 590 | _aABS | ||
| 650 | _aSUSTAINABLE DEVELOPMENT | ||
| 650 | _aSPATIAL PLANNING | ||
| 650 | _aLAND MANAGEMENT | ||
| 650 | _aRESOURCE MANAGEMENT | ||
| 650 | _aCOMMUNITIES | ||
| 690 | _aENVIRONMENT-MANAGEMENT | ||
| 700 | _aWharton, A. | ||
| 942 | _n0 | ||
| 999 |
_c118062 _d118062 |
||